| 000 | 00863nam a2200265 i 4500 | ||
|---|---|---|---|
| 001 | 184237 | ||
| 003 | ES-MaACL | ||
| 005 | 20250815135507.0 | ||
| 008 | 150526s1968 sp abo |||| | spa d | ||
| 080 | _a75.032(38) | ||
| 080 | _a75.032(375) | ||
| 100 | 1 |
_aSpiteris, Tony P. _9107766 |
|
| 245 | 1 | 0 |
_aPintura griega y etrusca / _cTony Spiteris. |
| 260 |
_aMadrid : _bAguilar, _c1968. |
||
| 300 |
_a207 p. : _bil. col. y n., mapas ; _c27 cm. |
||
| 490 | 1 |
_aHistoria general de la pintura ; _v3 |
|
| 500 | _aCronologĂa. | ||
| 500 | _aNomenclatura de las formas de los vasos. | ||
| 504 | _aBibliografĂa: p. [204] | ||
| 650 | 7 |
_aPintura griega _2embne _916054 |
|
| 650 | 7 |
_aPintura etrusca _2embne _9145790 |
|
| 830 | 1 |
_aHistoria general de la pintura ; _v3 _9192109 |
|
| 852 |
_aES-MaACL _jE-15647 _z- Enc. cart. |
||
| 999 |
_c184237 _d184237 |
||